Статистический контроль и статистические методы управления качеством: учебное пособие

Detalles Bibliográficos
Autor principal: Казанцева Н. Н. Нинель Назаровна
Autor Corporativo: Томский политехнический университет
Sumario:В учебном пособии рассмотрены вопросы статистического контроля показателей качества продукции с использованием методов математической статистики и вопросы управления качеством с помощью так называемых семи простейших статистических методов, широко применяемых в практике передовых компаний мира и позволяющих решать большой класс проблем, связанных с анализом дефектов продукции, поиском их причин и совершенствованием технологий. Материал изложен достаточно просто и не требует специальной математической подготовки. Пособие подготовлено на кафедре компьютерных измерительных систем и метрологии ТПУ и предназначено для студентов, изучающих современные проблемы качества.
Lenguaje:ruso
Publicado: Томск, Изд-во ТПУ, 2006
Colección:Учебники Томского политехнического университета
Materias:
Formato: Libro
KOHA link:https://koha.lib.tpu.ru/cgi-bin/koha/opac-detail.pl?biblionumber=100999

MARC

LEADER 00000nam0a2200000 4500
001 100999
005 20231101214335.0
035 |a (RuTPU)RU\TPU\book\108722 
035 |a RU\TPU\book\70925 
090 |a 100999 
100 |a 20060830d2006 m y0rusy50 ca 
101 0 |a rus 
102 |a RU 
105 |a a j 001zy 
200 1 |a Статистический контроль и статистические методы управления качеством  |e учебное пособие  |f Н. Н. Казанцева  |g Томский политехнический университет 
210 |a Томск  |c Изд-во ТПУ  |d 2006 
215 |a 116 с.  |c ил. 
225 1 |a Учебники Томского политехнического университета 
320 |a Библиогр.: с. 114. 
330 |a В учебном пособии рассмотрены вопросы статистического контроля показателей качества продукции с использованием методов математической статистики и вопросы управления качеством с помощью так называемых семи простейших статистических методов, широко применяемых в практике передовых компаний мира и позволяющих решать большой класс проблем, связанных с анализом дефектов продукции, поиском их причин и совершенствованием технологий. Материал изложен достаточно просто и не требует специальной математической подготовки. Пособие подготовлено на кафедре компьютерных измерительных систем и метрологии ТПУ и предназначено для студентов, изучающих современные проблемы качества. 
451 1 |0 (RuTPU)RU\TPU\book\70925  |t Статистический контроль и статистические методы управления качеством  |o учебное пособие  |f Н. Н. Казанцева  |g Томский политехнический университет  |c Томск  |n Изд-во ТПУ  |d 2004  |p 116 с.  |s Учебники Томского политехнического университета  |a Казанцева, Нинель Назаровна 
606 1 |a Качество продукции  |x Управление  |2 stltpush  |3 (RuTPU)RU\TPU\subj\14180  |9 40640 
610 1 |a случайные величины 
610 1 |a распределение 
610 1 |a технологические процессы 
610 1 |a статистические гипотезы 
610 1 |a проверки 
610 1 |a выборочный контроль 
610 1 |a статистический контроль 
610 1 |a учебные пособия 
610 1 |a труды учёных ТПУ 
675 |a 658.562(075.8)  |v 3 
700 1 |a Казанцева  |b Н. Н.  |g Нинель Назаровна 
712 0 2 |a Томский политехнический университет  |2 stltpush  |3 (RuTPU)RU\TPU\col\376 
801 1 |a RU  |b 63413507  |c 20040906  |g PSBO 
801 2 |a RU  |b 63413507  |c 20151116  |g PSBO 
900 |a Статистика 
900 |a Управление качеством 
900 |a Программно-статистические комплексы 
900 |a Статистические методы в управлении качеством 
900 |a Статистические методы контроля качества 
900 |a Управление качеством полимерных материалов 
942 |c BK 
953 |b 200500  |b 200501